000 00569 a2200169 4500
020 _a1862075557
020 _a9781862075559
082 _a511.33
090 _c1308
_d1308
100 _aFarmelo, Graham.
245 1 0 _aIt must be beautiful :
_bgreat equations of modern science /
_cGraham Farmelo.
260 _a[S.l.] :
_bGranta UK,
_c2002.
300 _a300 p. ;
_c20 cm.
700 1 _aFarmelo, Graham.
942 _aSNS
_cBK
_k511.33 FAR
999 _c29921
_d29921